000
00257nam a22001217a 4500
008
181106b xxu||||| |||| 00| 0 eng d
041
_a
eng
080
_a
370
100
_a
17
101
_a
EDU
245
_a
Cardle To Cardle
_c
William.M
942
_2
udc
_c
BK
999
_c
51952
_d
51952